1190 1231 1401 1328 1549 1781 1688 1434 1273 1545 1592 1084 1180 1780 1419 1719 1578 1060 1626 1586 1714 1836 1395 1618 1128 1532 1790 1616 1983 1564 1007 1011 1233 1565 1460 1033 1517 1577 1139 1582 1357 1989 1732 1117 1000 1115 1964 1594 1198 1056 1310 1833 1960 1740 1604 1368 1436 1108 1962 1881 1906 1971 1123 1066 1724 1981 1212 1862 1222 1272 1923 1788 1997 1525 1120 1920 1403 1897 1455 1848 1086 1212 1641 1471 1675 1689 1383 1955 1372 1337 1887 1520 1147 1815 1379 1781 1490 1765 1066 BCNSPRNW ULIB Ver.6.0+V

เปลี่ยนเป็นภาษาไทย

Change to English
 แสดงรายละเอียดบรรณานุกรม
  กลับหน้าหลัก

Brief Record : Get Marc (ISO 2709) : E-mail record : QR code < ปิดหน้าต่าง
LEADER : 00000nam 2200000uu 4500
001    13399127379
003     ULIB
008    200513s2562||||th 000 0 tha d
020    ^a9786163144911
060 04 ^aWM30.5^bช512พ
100 2  ^aชานนท์ โกมลมาลย์
245 10 ^aพื้นฐานสังคมสงเคราะห์สุขภาพจิต /^cชานนท์ โกมลมาลย์
250    ^aพิมพ์ครั้งที่ 2
260    ^aกรุงเทพฯ :^bสำนักพิมพ์มหาวิทยาลัยธรรมศาสตร์,^c2562
300    ^a185 หน้า ;^c26 ซม.
650  4 ^aสังคมสงเคราะห์จิตเวช
945    ^p160^l0^i28242
945    ^p160^l0^i28243
945    ^p160^l0^i28244
945    ^p160^l0^i28245
945    ^p160^l0^i28246
999    ^aกัณชพร จุลอักษร
รายการนี้ยังไม่มีแท็ก
คุณยังไม่ได้ล็อกอิน คุณสามารถมีกิจกรรมร่วมกับเว็บไซต์ได้ แต่ต้องล็อกอินก่อน ::
  ล็อกอิน

รายการสื่อสารสนเทศ

ลำดับที่ ประเภท เลขเรียก/บาร์โค้ด สถานที่ สถานะ
1. หนังสือสำรอง
หนังสือสำรอง
WM30.5 ช512พ ฉ.1 
  Barcode: 28242
ห้องสมุดวิทยาเขตนครสวรรค์
►หนังสือทั่วไป:l:General Books
บนชั้น
2. วิทยาศาสตร์การแพทย์ และสุขภาพ
วิทยาศาสตร์การแพทย์ และสุขภาพ
WM30.5 ช512พ ฉ.2 
  Barcode: 28243
ห้องสมุดวิทยาเขตนครสวรรค์
►หนังสือทั่วไป:l:General Books
บนชั้น
3. วิทยาศาสตร์การแพทย์ และสุขภาพ
วิทยาศาสตร์การแพทย์ และสุขภาพ
WM30.5 ช512พ ฉ.3 
  Barcode: 28244
ห้องสมุดวิทยาเขตนครสวรรค์
►หนังสือทั่วไป:l:General Books
บนชั้น
4. วิทยาศาสตร์การแพทย์ และสุขภาพ
วิทยาศาสตร์การแพทย์ และสุขภาพ
WM30.5 ช512พ ฉ.4 
  Barcode: 28245
ห้องสมุดวิทยาเขตนครสวรรค์
►หนังสือทั่วไป:l:General Books
บนชั้น
5. วิทยาศาสตร์การแพทย์ และสุขภาพ
วิทยาศาสตร์การแพทย์ และสุขภาพ
WM30.5 ช512พ ฉ.5 
  Barcode: 28246
ห้องสมุดวิทยาเขตนครสวรรค์
►หนังสือทั่วไป:l:General Books
บนชั้น

รายการใกล้เคียง
    ผู้แต่ง [ชานนท์ โกมลมาลย์]

    หัวเรื่อง [สังคมสงเคราะห์จิตเวช]

BibComment


ยังไม่เคยถูกคอมเมนท์

คอมเมนท์ทรัพยากรรายการนี้
  คอมเมนท์: พื้นฐานสังคมสงเค..


 Copyright 2026. Bcnsprnw @Library